000
00262nam a22001217a 4500
999
_c
162370
_d
162370
082
_a
_b
100
_a
Kanda K C
245
_a
Bahadur Shah Zafar/
_c
by Kanda K C.
260
_a
New Delhi:
_b
Sterling,
_c
2007.
300
_a
425p.
650
_a
942
_c
BK